| 000 | 01283nam0a22002771 4500 | ||
|---|---|---|---|
| 001 | v19\rc\2096280 | ||
| 005 | 20260406180736.0 | ||
| 035 | _a(NLR Aleph) 005166303 | ||
| 090 |
_a5030143 _c5030143 |
||
| 100 | _a20081218d1915 |||y0rusy50 ca | ||
| 101 | 0 | _arus | |
| 102 | _aRU | ||
| 105 | _aa z ||||| | ||
| 200 | 1 |
_aПоездка по Волге _eПутевые заметки преп. рисования Кутаис. реал. уч-ща Василия Кроткова _fКавк. учеб. окр. |
|
| 210 |
_a[Тифлис _d1915] |
||
| 215 |
_a20 с., 5 л. ил. _d26 |
||
| 225 | 1 | _aЭкскурсии учащих и учащихся | |
| 311 | _aПрил. № 10 к Циркуляру [№ 11/12 (523) по Упр. Кавк. учеб. окр.] за 1915 г. | ||
| 422 | 0 |
_12001#$aЦиркуляр по Управлению Кавказским учебным округом$v1915, № 11/12 (523) _tЦиркуляр по Управлению Кавказским учебным округом |
|
| 700 | 1 |
_aКротков _bВ.А. _gВасилий А. |
|
| 712 | 0 | 2 |
_aКутаисское реальное училище _3RU\NLR\AUTH\889945366 _9386141 |
| 801 | 0 |
_aRU _bNLR _gpsbo |
|
| 801 | 1 |
_aRU _bProSoft-M _2rusmarc |
|
| 852 |
_aNLR _j6/355 |
||
| 942 | _cBOOK | ||
| 980 | _aNB | ||